| 000 | 00502nam a22001577a 4500 | ||
|---|---|---|---|
| 003 | OSt | ||
| 005 | 20150905161012.0 | ||
| 008 | 150905b xxu||||| |||| 00| 0 eng d | ||
| 040 | _cRUA | ||
| 082 | _aAGR ជា 1991 B002 Or.1 | ||
| 100 |
_955 _aជា សុផុន |
||
| 245 | _aឥទ្ធិពលជីហ្វូសស្វាតលើដំណាំស្រូវក្បាលពោធិ តាកែវ | ||
| 260 |
_aPhnom Penh _bRUA _c1991 |
||
| 300 |
_a53p. _bill. _c29cm. |
||
| 942 |
_2ddc _cAGR |
||
| 999 |
_c52 _d52 |
||